| 000 | 00624cam a22002292 4500 | ||
|---|---|---|---|
| 999 |
_c1552 _d1552 |
||
| 001 | 0000020955 | ||
| 003 | OSt | ||
| 005 | 20170526115319.0 | ||
| 008 | 120104s xx 000 0 eng d | ||
| 020 | _a145824042 : | ||
| 040 |
_aKABU _cKABU |
||
| 050 | 0 |
_aKD1629.5 _b.K44 2006 |
|
| 100 | 1 | _aKeenan, Denis. | |
| 245 | 1 | 0 |
_aSmith & Keenan's law for business / _cDenis Keenan. |
| 250 | _a13th ed. | ||
| 260 |
_aHarlow, England : _bLongman, _c2006. |
||
| 300 | _axli, 682 p. | ||
| 650 | 0 |
_aBusiness law _zGreat Britain. |
|
| 908 | _a120104 | ||
| 942 |
_2lcc _cBK |
||